| 000 | 00849nas a2200277 4500 | ||
|---|---|---|---|
| 001 | BR9700089 | ||
| 003 | BR-BrBNA | ||
| 005 | 20231205095940.0 | ||
| 007 | ta | ||
| 008 | 230509b bl.|||p| |||| 00| 00por d | ||
| 040 |
_aBR-BrBNA _bpor _cBiblioteca Nacional de Agricultura |
||
| 041 | _a(En) | ||
| 072 | _aH10 | ||
| 100 | 1 | _aGazzoni, D.L. | |
| 100 | 1 | _aMalaguido, A.B. | |
| 245 | 1 | _aEffect of stink bugs on yield, seed damage and agronomic traits of soybeans (Glycine max) | |
| 650 | _aSoja | ||
| 650 | _aSemente | ||
| 650 | _aPercevejo | ||
| 650 | _aEpoca de Plantio | ||
| 650 | _aCaracteristicas Agronomicas | ||
| 650 | _aVariedade Resistente | ||
| 773 | 0 |
_tPesquisa Agropecuaria Brasileira (Brazil) _xISSN 0100-204X _g(Nov 1996), v. 31(11) p. 759-767 _wBR9700089 |
|
| 909 |
_a202311 _bLúcia _c55 _dLúcia Elande |
||
| 942 |
_2AGRIS _n0 _cANA |
||
| 999 |
_c153614 _d153614 |
||